Dark curse /

Lara Calladine journeys to the Carpathian Mountains in search of a cave where she was imprisoned as a child, in search of the aunts who gave her the gift of magic and then assisted in her escape. Nicolas De La Cruz is there to bring a warning to his people. When Lara and Nicolas cross paths, the adv...

Full description

Bibliographic Details
Main Author: Feehan, Christine
Corporate Author: Brilliance Audio (Firm)
Other Authors: Gigante, Phil, Brown, Jane
Format: CD Audio Book
Language:English
Published: Grand Haven, Mich. : Brilliance Audio, [2008]
Series:Feehan, Christine. Carpathian novel.
Brilliance Audio on compact disc.
Subjects:

MARC

Tag First Indicator Second Indicator Subfields
LEADER 00000cim a2200000Ia 4500
001 in00002425337
005 20151109135349.0
007 sd fungnnmmneu
008 080702s2008 miunnnn f n eng d
019 |a 244795621 
020 |a 9781423342984 
020 |a 1423342984 
024 3 |a 9781423342984  |d 53695 
035 |a (OCoLC)ocn233038174 
035 |a (OCoLC)233038174  |z (OCoLC)244795621 
037 |b Midwest Tape  |n http://www.midwesttapes.com 
040 |a TEFMT  |c TEFMT  |d TEF  |d FSM  |d UtOrBLW 
049 |a TXAM 
050 1 4 |a PS3606.E36  |b D352 2008ab 
082 0 4 |a 813/.6  |2 22 
082 0 4 |a 813.54 
090 |a PS3606.E36  |b D352 2008b 
100 1 |a Feehan, Christine. 
245 1 0 |a Dark curse /  |c Christine Feehan. 
264 1 |a Grand Haven, Mich. :  |b Brilliance Audio,  |c [2008] 
264 4 |c ℗2008 
300 |a 11 sound discs (approximately 14 hr.) :  |b digital ;  |c 4 3/4 in. 
336 |a spoken word  |b spw  |2 rdacontent 
337 |a audio  |b s  |2 rdamedia 
338 |a audio disc  |b sd  |2 rdacarrier 
490 1 |a Brilliance Audio on compact disc 
490 1 |a A Carpathian novel 
511 0 |a Read by Phil Gigante and Jane Brown. 
508 |a Directors, Phil Gigante and Jane Brown. 
500 |a Unabridged. 
500 |a Compact discs. 
520 |a Lara Calladine journeys to the Carpathian Mountains in search of a cave where she was imprisoned as a child, in search of the aunts who gave her the gift of magic and then assisted in her escape. Nicolas De La Cruz is there to bring a warning to his people. When Lara and Nicolas cross paths, the adventure is just beginning. 
500 |a Sound recording. 
650 0 |a Vampires  |v Fiction. 
655 7 |a Occult fiction.  |2 gsafd 
655 7 |a Audiobooks.  |2 lcgft 
700 1 |a Gigante, Phil. 
700 1 |a Brown, Jane. 
710 2 |a Brilliance Audio (Firm) 
800 1 |a Feehan, Christine.  |t Carpathian novel. 
830 0 |a Brilliance Audio on compact disc. 
948 |a cataloged  |b h  |c 2008/10/28  |d c  |e ceaton  |f 8:03:49 am 
994 |a C0  |b TXA 
999 |a MARS 
999 f f |s f0c9cf75-693a-3640-8724-85b1cd17838c  |i d2da98f8-f271-3aa3-a751-656fa3d79786  |t 0 
952 f f |p ric  |a Texas A&M University  |b Rellis Campus  |c Joint Library Facility  |d Remote Storage  |t 0  |e PS3606.E36 D352 2008b  |h Library of Congress classification  |i audio -- audio disc  |m A14837366379 
998 f f |a PS3606.E36 D352 2008b  |t 0  |l Remote Storage